[Event "Mittelfranken-chTB2a 1920"]
[Site "Mittelfranken"]
[Date "2020.04.26"]
[Round "9.5"]
[White "Tapia Egoavil, Carlos"]
[Black "Bachhuber, Dominik"]
[Result "0-1"]
[WhiteElo "1810"]
[BlackElo "1936"]
[PlyCount "64"]
[EventDate "2019.10.13"]
[EventType "team-tourn"]
[EventRounds "9"]
[EventCountry "GER"]
[SourceTitle "EXT 2023"]
[Source "ChessBase"]
[SourceDate "2022.10.05"]
[SourceVersion "1"]
[SourceVersionDate "2022.10.05"]
[SourceQuality "1"]
[WhiteTeam "Rothenburg II"]
[BlackTeam "Nuernberg Jaeklechemie"]
[WhiteTeamCountry "GER"]
[BlackTeamCountry "GER"]

1. e4 c5 2. Nf3 d6 3. d4 cxd4 4. Nxd4 Nf6 5. Nc3 a6 6. Be2 Nbd7 7. Be3 b5 8. Bf3 Bb7 9. Nb3 e6 10. a3 Rc8 11. g4 Ne5 12. g5 Rxc3 13. bxc3 Nxe4 14. 0-0 Nxc3 15. Bxb7 Nxd1 16. Rfxd1 Be7 17. f4 Nc4 18. Bc6+ Kf8 19. Bf2 g6 20. a4 b4 21. a5 h6 22. Bd4 Rh7 23. Ra4 d5 24. Nc5 Nxa5 25. Nd7+ Kg8 26. Nf6+ Bxf6 27. Bxf6 Qb6+ 28. Bd4 Qxc6 29. Rxa5 Qxc2 30. Rf1 hxg5 31. Bf2 gxf4 32. Rxa6 e5 0-1

[Event "Regionalliga Nord-Ost 1819"]
[Site "Bayern"]
[Date "2019.02.03"]
[Round "6.7"]
[White "Bloederl, Alfred"]
[Black "Tapia Egoavil, Carlos"]
[Result "1/2-1/2"]
[WhiteElo "1948"]
[BlackElo "1799"]
[PlyCount "44"]
[EventDate "2018.10.21"]
[EventType "team-tourn"]
[EventRounds "9"]
[EventCountry "GER"]
[SourceTitle "EXT 2022"]
[Source "ChessBase"]
[SourceDate "2021.10.06"]
[SourceVersion "1"]
[SourceVersionDate "2021.10.06"]
[SourceQuality "1"]
[WhiteTeam "Windischeschenbach"]
[BlackTeam "Rothenburg"]
[WhiteTeamCountry "GER"]
[BlackTeamCountry "GER"]

1. e4 c5 2. Nf3 d6 3. Bb5+ Bd7 4. Bxd7+ Qxd7 5. d4 cxd4 6. Nxd4 Nf6 7. Nc3 g6 8. Bg5 Bg7 9. f3 Nc6 10. Nde2 h6 11. Be3 Ne5 12. b3 b5 13. Qd2 h5 14. Rd1 0-0 15. Nd4 a6 16. a4 Rfb8 17. 0-0 Nc6 18. axb5 Nxd4 19. Bxd4 axb5 20. Nd5 Nxd5 21. exd5 Bxd4+ 22. Qxd4 Qa7 1/2-1/2

[Event "Regionalliga Nord-Ost 1819"]
[Site "Bayern"]
[Date "2018.12.16"]
[Round "4.7"]
[White "Auer, Guenther"]
[Black "Tapia Egoavil, Carlos"]
[Result "1/2-1/2"]
[WhiteElo "1932"]
[BlackElo "1799"]
[PlyCount "36"]
[EventDate "2018.10.21"]
[EventType "team-tourn"]
[EventRounds "9"]
[EventCountry "GER"]
[SourceTitle "EXT 2022"]
[Source "ChessBase"]
[SourceDate "2021.10.06"]
[SourceVersion "1"]
[SourceVersionDate "2021.10.06"]
[SourceQuality "1"]
[WhiteTeam "Altensittenbach"]
[BlackTeam "Rothenburg"]
[WhiteTeamCountry "GER"]
[BlackTeamCountry "GER"]

1. d4 Nf6 2. Nf3 c5 3. d5 d6 4. Nc3 g6 5. e4 Bg7 6. Bb5+ Bd7 7. a4 a6 8. Be2 Bg4 9. h3 Bxf3 10. Bxf3 Nbd7 11. g4 Ne5 12. Bg2 h6 13. 0-0 0-0 14. Qe2 Qc7 15. Be3 g5 16. b3 Ng6 17. Qd2 Nd7 18. Rad1 Qa5 1/2-1/2

[Event "Mittelfranken-chTB1 1617"]
[Site "Mittelfranken"]
[Date "2017.03.05"]
[Round "7.8"]
[White "Tapia Egoavil, Carlos"]
[Black "Goetz, Dieter"]
[Result "0-1"]
[WhiteElo "1799"]
[BlackElo "1836"]
[PlyCount "74"]
[EventDate "2016.10.23"]
[EventType "team-tourn"]
[EventRounds "9"]
[EventCountry "GER"]
[SourceTitle "EXT 2022"]
[Source "ChessBase"]
[SourceDate "2021.10.06"]
[SourceVersion "1"]
[SourceVersionDate "2021.10.06"]
[SourceQuality "1"]
[WhiteTeam "Rothenburg"]
[BlackTeam "Nuernberg SK 1911"]
[WhiteTeamCountry "GER"]
[BlackTeamCountry "GER"]

1. e4 d6 2. d4 Nf6 3. Nc3 c6 4. a4 Nbd7 5. g4 h6 6. h4 Qa5 7. Bd2 e5 8. d5 Nc5 9. f3 Qc7 10. b4 Ncd7 11. dxc6 bxc6 12. Rb1 a6 13. b5 axb5 14. axb5 c5 15. Bc4 Nb6 16. Nd5 Nfxd5 17. Bxd5 Bb7 18. c4 Bxd5 19. cxd5 Be7 20. Ne2 0-0 21. Ng3 Ra2 22. Qc1 Rfa8 23. Bxh6 Rg2 24. Bxg7 Kxg7 25. Nf5+ Kf8 26. Qh6+ Ke8 27. Ne3 Rga2 28. g5 R8a3 29. g6 Rxe3+ 30. Qxe3 fxg6 31. h5 gxh5 32. Rxh5 Nc4 33. Qc3 Qa7 34. Rh8+ Bf8 35. b6 Qg7 36. Rh1 Qg2 37. Qxc4 Qf2+ 0-1

[Event "Mittelfranken-chTB1 1617"]
[Site "Mittelfranken"]
[Date "2017.01.22"]
[Round "5.7"]
[White "Uhlmann, Andreas"]
[Black "Tapia Egoavil, Carlos"]
[Result "1/2-1/2"]
[WhiteElo "1633"]
[BlackElo "1799"]
[PlyCount "30"]
[EventDate "2016.10.23"]
[EventType "team-tourn"]
[EventRounds "9"]
[EventCountry "GER"]
[SourceTitle "EXT 2022"]
[Source "ChessBase"]
[SourceDate "2021.10.06"]
[SourceVersion "1"]
[SourceVersionDate "2021.10.06"]
[SourceQuality "1"]
[WhiteTeam "Bechhofen"]
[BlackTeam "Rothenburg"]
[WhiteTeamCountry "GER"]
[BlackTeamCountry "GER"]

1. d4 Nf6 2. Nf3 g6 3. e3 Bg7 4. Be2 0-0 5. 0-0 d6 6. c4 Nbd7 7. Nc3 c6 8. Qc2 a6 9. b3 b5 10. Bb2 Bb7 11. e4 b4 12. Nd1 d5 13. e5 Ne8 14. Ne3 Nc7 15. a3 bxa3 1/2-1/2

[Event "Mittelfranken-chTB1 1617"]
[Site "Mittelfranken"]
[Date "2016.12.11"]
[Round "4.6"]
[White "Vielsaecker, Dirk"]
[Black "Tapia Egoavil, Carlos"]
[Result "1/2-1/2"]
[WhiteElo "1946"]
[BlackElo "1799"]
[PlyCount "125"]
[EventDate "2016.10.23"]
[EventType "team-tourn"]
[EventRounds "9"]
[EventCountry "GER"]
[SourceTitle "EXT 2022"]
[Source "ChessBase"]
[SourceDate "2021.10.06"]
[SourceVersion "1"]
[SourceVersionDate "2021.10.06"]
[SourceQuality "1"]
[WhiteTeam "Lauf SV"]
[BlackTeam "Rothenburg"]
[WhiteTeamCountry "GER"]
[BlackTeamCountry "GER"]

1. c4 Nf6 2. g3 c5 3. Bg2 g6 4. Nc3 Bg7 5. Nf3 0-0 6. 0-0 Nc6 7. d4 cxd4 8. Nxd4 Nxd4 9. Qxd4 d6 10. Qd3 a6 11. Be3 Bf5 12. Qd2 Qd7 13. Bd4 Bh3 14. Bxh3 Qxh3 15. Bxf6 Bxf6 16. Ne4 Rad8 17. Nxf6+ exf6 18. Qd4 Qe6 19. e4 Rfe8 20. Rfe1 Rc8 21. b3 Qe5 22. Rad1 Qxd4 23. Rxd4 Re6 24. Red1 Rc6 25. R1d2 Kf8 26. f3 Ke7 27. Kf2 Re5 28. f4 Re6 29. Kf3 h5 30. Rd5 b6 31. h3 Kd7 32. a4 a5 33. g4 hxg4+ 34. hxg4 Kc7 35. Rh2 Kd7 36. Rh7 Re7 37. Rb5 Kc7 38. Rd5 Kd7 39. Rh8 Re8 40. Rxe8 Kxe8 41. Rd2 Ke7 42. Ke3 Rc5 43. Rh2 Rc8 44. Kd4 Rd8 45. Kd5 Rc8 46. Rh7 Rc5+ 47. Kd4 Rc8 48. Rh3 Ra8 49. f5 gxf5 50. gxf5 Kd7 51. Kd5 Rc8 52. Rh7 Ke7 53. Rh2 Kd7 54. Kd4 Ke7 55. Rb2 Kd7 56. Rh2 Ke7 57. Rh6 Rd8 58. Kc3 Rg8 59. Rh3 Rg1 60. Rd3 Re1 61. Kd4 Kd7 62. Kd5 Rb1 63. Kd4 1/2-1/2

[Event "Mittelfranken-chTB2a 1314"]
[Site "Mittelfranken"]
[Date "2014.05.04"]
[Round "9.4"]
[White "Junk, Philipp"]
[Black "Tapia Egoavil, Carlos"]
[Result "0-1"]
[WhiteElo "1811"]
[BlackElo "1847"]
[PlyCount "56"]
[EventDate "2013.10.20"]
[EventType "team-tourn"]
[EventRounds "9"]
[EventCountry "GER"]
[SourceTitle "EXT 2020"]
[Source "ChessBase"]
[SourceDate "2019.10.17"]
[SourceVersion "1"]
[SourceVersionDate "2019.10.17"]
[SourceQuality "1"]
[WhiteTeam "Nuernberg NT V"]
[BlackTeam "Rothenburg"]
[WhiteTeamCountry "GER"]
[BlackTeamCountry "GER"]

1. e4 c5 2. Nc3 Nc6 3. f4 d6 4. Bb5 Bd7 5. Nf3 g6 6. 0-0 Bg7 7. Bxc6 Bxc6 8. d3 e6 9. Qe1 Ne7 10. Kh1 b5 11. g4 h5 12. Qg3 Qd7 13. g5 b4 14. Nd1 d5 15. Nf2 Qb7 16. Re1 Rd8 17. Ne5 Bxe5 18. fxe5 dxe4 19. Nxe4 Bxe4+ 20. Rxe4 c4 21. Kg1 cxd3 22. cxd3 Nf5 23. Qh3 a5 24. Bf4 Qb5 25. Rc4 0-0 26. Qf3 Rd5 27. Rd1 Rfd8 28. Rc2 Nd4 0-1

[Event "Mittelfranken-chTB2a 1314"]
[Site "Mittelfranken"]
[Date "2014.01.26"]
[Round "5.3"]
[White "Tapia Egoavil, Carlos"]
[Black "Dereser, Marc"]
[Result "1/2-1/2"]
[WhiteElo "1847"]
[BlackElo "1722"]
[PlyCount "46"]
[EventDate "2013.10.20"]
[EventType "team-tourn"]
[EventRounds "9"]
[EventCountry "GER"]
[SourceTitle "EXT 2020"]
[Source "ChessBase"]
[SourceDate "2019.10.17"]
[SourceVersion "1"]
[SourceVersionDate "2019.10.17"]
[SourceQuality "1"]
[WhiteTeam "Rothenburg"]
[BlackTeam "Nuernberg SK 1911 II"]
[WhiteTeamCountry "GER"]
[BlackTeamCountry "GER"]

1. e4 c5 2. Nf3 d6 3. d4 cxd4 4. Nxd4 Nf6 5. Nc3 g6 6. Be2 Bg7 7. Be3 Nc6 8. h3 a6 9. Qd2 Nxd4 10. Bxd4 0-0 11. a4 e5 12. Be3 Qc7 13. a5 Be6 14. 0-0 Qc6 15. Bf3 Rac8 16. Rfd1 Rfd8 17. Bb6 Rd7 18. Rac1 Qc4 19. g4 Qb4 20. Rb1 Ne8 21. Nd5 Qxd2 22. Rxd2 Bh6 23. Ne3 Nc7 1/2-1/2

[Event "Mittelfranken-chTB2a 1112"]
[Site "Germany"]
[Date "2011.11.20"]
[Round "3.4"]
[White "Veh Hoelzlein, Michael"]
[Black "Tapia Egoavil, Carlos"]
[Result "1/2-1/2"]
[WhiteElo "1987"]
[BlackElo "1832"]
[PlyCount "51"]
[EventDate "2011.09.25"]
[EventType "team-tourn"]
[EventRounds "9"]
[EventCountry "GER"]
[SourceTitle "EXT 2013"]
[Source "ChessBase"]
[SourceDate "2012.11.22"]
[SourceVersion "1"]
[SourceVersionDate "2012.11.22"]
[SourceQuality "1"]
[WhiteTeam "Cadolzburg"]
[BlackTeam "Rothenburg"]
[WhiteTeamCountry "GER"]
[BlackTeamCountry "GER"]

1. e4 c5 2. Nf3 d6 3. Bb5+ Nd7 4. d4 a6 5. Bxd7+ Bxd7 6. 0-0 cxd4 7. Qxd4 e6 8. Nc3 Qe7 9. Bf4 f6 10. Qd2 Bc6 11. Nd4 Kf7 12. Rad1 e5 13. Nxc6 bxc6 14. Be3 g5 15. g3 Qd7 16. f4 gxf4 17. gxf4 Qg4+ 18. Kh1 Ne7 19. Qxd6 Nd5 20. Qxc6 Nxe3 21. Rd7+ Be7 22. Rxe7+ Kxe7 23. Qc5+ Kf7 24. Qc7+ Ke8 25. Qc6+ Kf7 26. Qc7+ 1/2-1/2

[Event "Mittelfranken-chTB2a 1011"]
[Site "Germany"]
[Date "2010.09.26"]
[Round "1.5"]
[White "Di Bonaventura, Stefan"]
[Black "Tapia Egoavil, Carlos"]
[Result "0-1"]
[WhiteElo "1637"]
[BlackElo "1835"]
[PlyCount "118"]
[EventDate "2010.09.26"]
[EventType "team-tourn"]
[EventRounds "9"]
[EventCountry "GER"]
[SourceTitle "EXT 2012"]
[Source "ChessBase"]
[SourceDate "2011.11.24"]
[SourceVersion "1"]
[SourceVersionDate "2011.11.24"]
[SourceQuality "1"]
[WhiteTeam "Buechenbach/Roth III"]
[BlackTeam "Rothenburg/Tauber"]
[WhiteTeamCountry "GER"]
[BlackTeamCountry "GER"]

1. e4 c5 2. Nf3 d6 3. d4 cxd4 4. Nxd4 Nf6 5. Nc3 a6 6. Be2 e6 7. 0-0 Be7 8. Be3 b5 9. a3 0-0 10. h3 Bb7 11. Bd3 Nbd7 12. Nb3 d5 13. exd5 Nxd5 14. Nxd5 Bxd5 15. Nd2 f5 16. c4 bxc4 17. Bxc4 Ne5 18. Bxd5 Qxd5 19. Qa4 Nd3 20. Qd4 Rfd8 21. Nf3 Bf6 22. Qb6 Nxb2 23. Rac1 Nc4 24. Qc5 Rac8 25. Qxd5 exd5 26. a4 d4 27. Bf4 d3 28. Bd2 Nxd2 29. Nxd2 Bg5 30. Rxc8 Rxc8 31. Rd1 Rc2 32. Nf3 d2 33. Kf1 Bf4 34. Ke2 Ra2 35. Nxd2 Rxa4 36. g3 Bh6 37. Nf3 Ra2+ 38. Kf1 a5 39. Ne5 Kf8 40. Rd8+ Ke7 41. Rd1 Bd2 42. Nc6+ Kf6 43. Nd4 Bc3 44. Nb3 a4 45. Nc1 Rd2 46. Rxd2 Bxd2 47. Na2 Ke5 48. Ke2 Ba5 49. Kd3 Kd5 50. f3 h5 51. g4 hxg4 52. hxg4 fxg4 53. fxg4 Ke5 54. Ke3 Bb6+ 55. Kf3 Kd4 56. Kf4 Kc4 57. Kf5 Kb3 58. Nc1+ Kc2 59. Na2 Bc5 0-1

[Event "Mittelfrankenliga-B2b 0708"]
[Site "Mittelfranken"]
[Date "2007.11.11"]
[Round "2.5"]
[White "Tapia Egoavil, Carlos"]
[Black "Firla, Erwin"]
[Result "1/2-1/2"]
[WhiteElo "1866"]
[BlackElo "1878"]
[PlyCount "111"]
[EventDate "2007.10.14"]
[EventType "team-tourn"]
[EventRounds "9"]
[EventCountry "GER"]
[SourceTitle "EXT 2011"]
[Source "ChessBase"]
[SourceDate "2010.11.26"]
[SourceVersion "1"]
[SourceVersionDate "2010.11.26"]
[SourceQuality "1"]
[WhiteTeam "Rothenburg"]
[BlackTeam "Postbauer II"]
[WhiteTeamCountry "GER"]
[BlackTeamCountry "GER"]

1. e4 e5 2. Nf3 Nc6 3. Bb5 a6 4. Ba4 Nf6 5. 0-0 Be7 6. Re1 b5 7. Bb3 0-0 8. h3 Bb7 9. c3 h6 10. d3 d6 11. Nbd2 Nh7 12. d4 Ng5 13. Nf1 Nxf3+ 14. gxf3 Qd7 15. f4 Qxh3 16. Re3 Qh4 17. Rg3 exd4 18. cxd4 Bf6 19. Be3 Rae8 20. Rg4 Qh3 21. Rg3 Qd7 22. Bd5 Nd8 23. Bxb7 Nxb7 24. Qh5 g6 25. Qxh6 Bg7 26. Qh4 Rxe4 27. Rh3 Rfe8 28. Ng3 Rxe3 29. fxe3 Rxe3 30. f5 Qe7 31. Qxe7 Rxe7 32. Rd1 c5 33. dxc5 dxc5 34. b3 Bd4+ 35. Kg2 Nd6 36. fxg6 fxg6 37. Rhh1 a5 38. Rhe1 Rd7 39. Ne4 Nxe4 40. Rxe4 Kf7 41. Rde1 Bf6 42. R1e2 Ra7 43. a4 Rb7 44. axb5 Rxb5 45. R2e3 Rb4 46. Rc4 Bd4 47. Rxb4 axb4 48. Rg3 Be5 49. Rg4 Kf6 50. Kf3 Kf5 51. Re4 g5 52. Rg4 Bf4 53. Rg2 Bd6 54. Rg4 Be7 55. Rc4 Ke5 56. Kg4 1/2-1/2

[Event "Mittelfranken-ch HT 56th"]
[Site "Postbauer"]
[Date "2007.04.07"]
[Round "9.18"]
[White "Walther, Reinhard"]
[Black "Tapia Egoavil, Carlos"]
[Result "1-0"]
[WhiteElo "1885"]
[BlackElo "1807"]
[PlyCount "95"]
[EventDate "2007.04.03"]
[EventType "swiss"]
[EventRounds "9"]
[EventCountry "GER"]
[SourceTitle "EXT 2011"]
[Source "ChessBase"]
[SourceDate "2010.11.26"]
[SourceVersion "1"]
[SourceVersionDate "2010.11.26"]
[SourceQuality "1"]

1. d4 Nf6 2. c4 g6 3. Nc3 Bg7 4. e4 d6 5. f3 Nc6 6. Be3 0-0 7. Qd2 h5 8. h3 e5 9. d5 Nb8 10. Nge2 Nbd7 11. g4 Kh7 12. Ng3 h4 13. Nge2 Rh8 14. Nc1 Ng8 15. g5 f6 16. Rg1 fxg5 17. Bxg5 Bf6 18. Be3 Nf8 19. Nd3 Bd7 20. Nf2 Kg7 21. Ng4 Bxg4 22. fxg4 g5 23. 0-0-0 Nh6 24. Bg2 Ng6 25. Kb1 Rf8 26. Rdf1 Nf4 27. c5 Nf7 28. Rc1 b6 29. c6 Nh8 30. Bf1 a6 31. Rc2 Nhg6 32. b3 Rf7 33. Rh1 Ra7 34. Na4 Ra8 35. Rh2 Qb8 36. Qc3 Bd8 37. Rc1 Ra7 38. Rhc2 Ra8 39. Nb2 Kh7 40. Nc4 Kg8 41. Qd2 Kh7 42. Rc3 Kg8 43. Qc2 Kg7 44. Nxd6 cxd6 45. c7 Bxc7 46. Rxc7 Ra7 47. Rc8 Qb7 48. Rc6 1-0

[Event "Mittelfranken-ch HT 56th"]
[Site "Postbauer"]
[Date "2007.04.06"]
[Round "7.15"]
[White "Kordts, Florian"]
[Black "Tapia Egoavil, Carlos"]
[Result "1-0"]
[WhiteElo "1876"]
[BlackElo "1807"]
[PlyCount "65"]
[EventDate "2007.04.03"]
[EventType "swiss"]
[EventRounds "9"]
[EventCountry "GER"]
[SourceTitle "EXT 2011"]
[Source "ChessBase"]
[SourceDate "2010.11.26"]
[SourceVersion "1"]
[SourceVersionDate "2010.11.26"]
[SourceQuality "1"]

1. c4 Nf6 2. Nf3 c5 3. g3 g6 4. Bg2 Bg7 5. 0-0 0-0 6. d4 cxd4 7. Nxd4 Nc6 8. Nc3 Ng4 9. e3 Nge5 10. b3 d6 11. Nxc6 bxc6 12. Bb2 Qb6 13. Kh1 Bg4 14. Na4 Qa6 15. Qd4 Bf6 16. Qd2 Bf3 17. Qc2 c5 18. Bxf3 Nxf3 19. Bxf6 Qc6 20. e4 exf6 21. Qd3 Ng5 22. f3 f5 23. exf5 Rae8 24. h4 Re5 25. hxg5 Rfe8 26. Rad1 Qc8 27. Kg2 Re3 28. Qd5 R8e5 29. Qxd6 Qxf5 30. Rd2 Re2+ 31. Rf2 Re1 32. Nc3 h5 33. Qf6 1-0

[Event "Mittelfranken-ch HT 56th"]
[Site "Postbauer"]
[Date "2007.04.06"]
[Round "8.17"]
[White "Tapia Egoavil, Carlos"]
[Black "Fink, Martin"]
[Result "1/2-1/2"]
[WhiteElo "1807"]
[BlackElo "1861"]
[PlyCount "44"]
[EventDate "2007.04.03"]
[EventType "swiss"]
[EventRounds "9"]
[EventCountry "GER"]
[SourceTitle "EXT 2011"]
[Source "ChessBase"]
[SourceDate "2010.11.26"]
[SourceVersion "1"]
[SourceVersionDate "2010.11.26"]
[SourceQuality "1"]

1. e4 c5 2. c4 Nc6 3. Nf3 g6 4. g3 Bg7 5. Bg2 d6 6. 0-0 Nf6 7. Nc3 0-0 8. d3 Bg4 9. h3 Bxf3 10. Bxf3 Qd7 11. Bg2 e6 12. Be3 Rad8 13. Qd2 Rfe8 14. Rad1 a6 15. Ne2 b5 16. b3 e5 17. f4 b4 18. f5 Nd4 19. g4 gxf5 20. exf5 Nxe2+ 21. Qxe2 h6 22. h4 e4 1/2-1/2

[Event "Mittelfrankenliga-B2b 0607"]
[Site "Mittelfranken"]
[Date "2007.01.14"]
[Round "4.7"]
[White "Hennemann, Herbert"]
[Black "Tapia Egoavil, Carlos"]
[Result "0-1"]
[WhiteElo "1525"]
[BlackElo "1878"]
[PlyCount "94"]
[EventDate "2006.10.22"]
[EventType "team-tourn"]
[EventRounds "9"]
[EventCountry "GER"]
[SourceTitle "EXT 2011"]
[Source "ChessBase"]
[SourceDate "2010.11.26"]
[SourceVersion "1"]
[SourceVersionDate "2010.11.26"]
[SourceQuality "1"]
[WhiteTeam "Nuernberg Zabo"]
[BlackTeam "Rothenburg"]
[WhiteTeamCountry "GER"]
[BlackTeamCountry "GER"]

1. d4 Nf6 2. Nf3 c5 3. Nc3 cxd4 4. Nxd4 g6 5. e4 d6 6. Bd3 Bg7 7. Nde2 a6 8. 0-0 0-0 9. Kh1 b5 10. b4 Bb7 11. Rb1 d5 12. exd5 Nxd5 13. Nxd5 Bxd5 14. a3 Ba2 15. Be4 Bxb1 16. Bxa8 Qxd1 17. Rxd1 Bxc2 18. Rd2 Bf5 19. Bb7 Bc8 20. Be4 Bd7 21. Rc2 Rc8 22. Rxc8+ Bxc8 23. f4 f5 24. Bf3 Kf7 25. Ng1 Nd7 26. Nh3 h6 27. Nf2 Bd4 28. Nd3 Nb6 29. Ne5+ Bxe5 30. fxe5 g5 31. Be3 Nc4 32. Bd5+ Be6 33. Bxc4 bxc4 34. Bd4 Bc8 35. Kg1 Ke6 36. Kf2 Kd5 37. Bb2 Ke4 38. g3 Kd3 39. Bc1 c3 40. Ke1 Kc2 41. Be3 Kb1 42. h4 gxh4 43. gxh4 h5 44. Bg5 c2 45. Ke2 c1Q 46. Bxc1 Kxc1 47. Ke3 Kb2 0-1

[Event "Mittelfrankenliga-B2b 0607"]
[Site "Mittelfranken"]
[Date "2006.11.12"]
[Round "2.8"]
[White "Tapia Egoavil, Carlos"]
[Black "Riexinger, Martin"]
[Result "1-0"]
[WhiteElo "1878"]
[BlackElo "1815"]
[PlyCount "103"]
[EventDate "2006.10.22"]
[EventType "team-tourn"]
[EventRounds "9"]
[EventCountry "GER"]
[SourceTitle "EXT 2011"]
[Source "ChessBase"]
[SourceDate "2010.11.26"]
[SourceVersion "1"]
[SourceVersionDate "2010.11.26"]
[SourceQuality "1"]
[WhiteTeam "Rothenburg"]
[BlackTeam "Postbauer II"]
[WhiteTeamCountry "GER"]
[BlackTeamCountry "GER"]

1. e4 d6 2. d4 g6 3. c4 Bg7 4. Nc3 Nc6 5. Be3 e5 6. d5 Nce7 7. g4 Nh6 8. f3 f5 9. Qd2 Nf7 10. gxf5 gxf5 11. h4 f4 12. Bf2 h6 13. Bh3 Rg8 14. 0-0-0 Bxh3 15. Nxh3 Qd7 16. Rdg1 a6 17. h5 0-0-0 18. Bh4 Bh8 19. Nf2 Rxg1+ 20. Rxg1 Rg8 21. Rxg8+ Nxg8 22. Ng4 Ng5 23. Bxg5 hxg5 24. h6 Nf6 25. Nxf6 Bxf6 26. Qg2 Kd8 27. Nd1 g4 28. Qxg4 Qxg4 29. fxg4 Ke7 30. Nf2 Bg5 31. h7 Bf6 32. Kd2 Kf7 33. g5 Bg7 34. Ke2 Kg6 35. Nh3 Kxh7 36. Kf3 Kg6 37. Kg4 Bf8 38. Ng1 Be7 39. Nf3 c6 40. Nh4+ Kf7 41. Kf5 c5 42. Kg4 Kg7 43. Nf5+ Kf7 44. g6+ Kxg6 45. Nxe7+ Kf6 46. Nf5 b5 47. b3 bxc4 48. bxc4 Kf7 49. Nxd6+ Ke7 50. Nb7 a5 51. Nxc5 Kd6 52. Nd3 1-0